000 00382nam a2200157Ia 4500
008 230917s9999||||xx |||||||||||||| ||und||
020 _cPON13
040 _e6138
_aMAIN
041 _aEnglish
082 _a158.7 R355P
100 _aRibeaux, Peter
245 0 _aPsychology and work: An introduction
260 _aLondon
_bMacmillan
_c1978
300 _axvi, 362 p.
942 _cBK
999 _c205038
_d205038